GETS Theological Seminary Library

Jesus on the mountain: (Record no. 33405)

MARC details
000 -LEADER
fixed length control field 00639nam a2200193Ia 4500
008 - FIXED-LENGTH DATA ELEMENTS--GENERAL INFORMATION
fixed length control field 201221s9999||||xx |||||||||||||| ||und||
020 ## - INTERNATIONAL STANDARD BOOK NUMBER
International Standard Book Number 0905774744
020 ## - INTERNATIONAL STANDARD BOOK NUMBER
International Standard Book Number 9780905774749
041 ## - LANGUAGE CODE
Language code of text/sound track or separate title eng
050 ## - LIBRARY OF CONGRESS CALL NUMBER
Classification number BS275.5
Item number .D663 1985
100 ## - MAIN ENTRY--PERSONAL NAME
Personal name Donaldson, Terence L.
245 #0 - TITLE STATEMENT
Title Jesus on the mountain:
Remainder of title a study in Matthean theology /
Statement of responsibility, etc. Terence L. Donaldson
260 ## - PUBLICATION, DISTRIBUTION, ETC.
Place of publication, distribution, etc. Sheffield, England :
Name of publisher, distributor, etc. Sheffield Academic Press,
Date of publication, distribution, etc. 1985
300 ## - PHYSICAL DESCRIPTION
Extent xiii, 409 p.
Other physical details ;
Dimensions 23 cm
490 ## - SERIES STATEMENT
Series statement Journal for the study of the New Testament
Volume/sequential designation 8
650 ## - SUBJECT ADDED ENTRY--TOPICAL TERM
Topical term or geographic name entry element Bible. -- Matthew -- Commentaries.
650 ## - SUBJECT ADDED ENTRY--TOPICAL TERM
Topical term or geographic name entry element Mountains in the Bible.
Holdings
Withdrawn status Lost status Damaged status Not for loan Home library Current library Shelving location Date acquired Total Checkouts Full call number Barcode Date last seen Price effective from Koha item type
        GETS Theological Seminary Library GETS Theological Seminary Library General Stacks 12/21/2020   BS275.5 .D663 1985 00021223 12/21/2020 12/21/2020 English Books
OpacCredits

Contact the Librarian, GETS Library
Email: library@mygets.org









Implemented by GETS Library
(Powered by ETCA Professional Group)
GETS Theological Seminary
412 E. Rowland Street, CA 91723